000 01145nam a22002537a 4500
005 20170124103202.0
010 _aA-975452
020 _c300.00
_a817056154
035 _aA-975452
037 _bCen Lib/Ret
040 _aDPL
_bHN
082 _a612
_bसिंहबृ
100 _aसिंह, बृंदा
_992497
245 _aमानव शरीर एवं क्रिया विज्ञान /
_cबृंदा सिंह
246 _aManav shareer ewam kriya vigyan /
_bby Brinda Singh
260 _aजयपुर
_bपंचशील प्रकाशन
_c1999
270 _bजयपुर
_aफिल्म कॉलोनी, चौड़ा रास्ता
_e302 003
300 _a298पृ. :
_c20सेमी(सजिल्द)
_bसचित्र
650 _aमानव शरीर -- अस्थि संधियाँ
_992498
650 _aमानव शरीर -- कंकाल तंत्र
_971544
650 _aThe human body - bone joints
_992499
650 _aThe human body - skeletal system
_992500
942 _2ddc
_cHN
_h612
_mसिंहबृ
999 _c120760
_d120760